| 000 | 00487nam a2200181 a 4500 | ||
|---|---|---|---|
| 001 | 1769935627284 | ||
| 003 | YourLibrary | ||
| 005 | 20260201143128.0 | ||
| 008 | 260201s2008##################000#0#eng## | ||
| 020 | _a9780521731867 | ||
| 082 | 0 | 4 |
_a332.494 _bISS |
| 100 | 1 |
_aIssing, Otmar, _eauthor. |
|
| 245 | 1 | 0 | _aThe Birth of the Euro : |
| 260 |
_bCambridge University Press, _c2008. |
||
| 650 | 0 | _aBusiness & Economics. | |
| 942 | _cENGLISH | ||
| 040 |
_aYourLibrary _beng _cYourLibrary |
||
| 999 |
_c609659 _d609659 |
||